| 000 | 00505nam a22001577a 4500 | ||
|---|---|---|---|
| 999 |
_c16173 _d16173 |
||
| 008 | 161007b xxu||||| |||| 00| 0 eng d | ||
| 020 | _a0393092496 | ||
| 040 |
_aKABU _cKABU |
||
| 050 |
_aML350 _b.N54 1974 C.1 |
||
| 100 | _aNketia, J. H. Kwabena | ||
| 245 |
_aThe music of Africa _cby J. H. Kwabena Nketia |
||
| 260 |
_aNew York _bW.W. Norton & company _c1974 |
||
| 300 | _ax, 278 p. | ||
| 650 |
_2Music, African _xHistory and criticism |
||
| 942 |
_2lcc _cBK _hML350 .N54 1974 C.1 |
||